Random Aussie - Statistics

General Stats
  • This quiz has been taken 31 times
  • The average score is 2 of 5
Answer Stats
Question Answer % Correct
What is Aboriginal? A person who has descended from the first people of Australia
100%
F****** is a village in which country Austria
67%
Sri Jayewardenepura Kotte Sri lanka
33%
Krung Thep Mahanakhon Amon Rattanakosin Mahinthara Yuthaya Mahadilok Phop Noppharat Ratchathani Burirom Udomratchaniwet Mahasathan Amon Piman Awatan Sathit Sakkathattiya Witsanukam Prasit Bankok
0%
Am I Aussie? Indian Aussie
0%
No matching quizzes found
Score Distribution
Percent of People with Each Score
Percentile by Number Answered
Your Score History
You have not taken this quiz